000 00181nam a2200073Ia 4500
008 170524s9999 xx 000 0 und d
100 _aSTALLING- W
245 0 _aBUSINESS DATA COMMUNICATION
260 _bPHI NEW DELHI
999 _c7875
_d7875